History Quiz

Random History or Decade Quiz

20th Century: '40s or '50s? Quiz Stats

 Plays Quiz Updated Nov 21, 2016

Challenge
Share
Tweet
Embed
Score 0/30 Timer 05:00
2 Plays Today
Event (4)0s or (5)0s % Correct
D-Day???
97.6%
Soviet satellite Sputnik launched Space Age???
94%
First atomic bomb tested???
92.5%
Segregation ruled illegal in US???
90.6%
Report said cigarettes cause cancer???
85.1%
'Casablanca' movie released???
81.6%
Buddy Holly released 'Peggy Sue'???
81%
Korean War began???
79.1%
First commercial color TV program???
77.7%
First successful kidney transplant???
77.1%
Captain America comic first appeared???
76.8%
Disneyland opened???
76.1%
Operation Barbarossa???
76%
Peace symbol created???
75.8%
China became communist???
72.5%
Event (4)0s or (5)0s % Correct
NATO established???
71.7%
UN founded???
71.7%
Chemical structure of DNA discovered???
70.8%
Princess Elizabeth became Queen???
70.1%
First modern credit card introduced???
68.1%
George Orwell published 'Nineteen Eighty-Four'???
66.8%
First atomic submarine launched???
62.7%
Mount Rushmore completed???
61.5%
Mahatma Gandhi assassinated???
55.4%
'LEGO' toy bricks introduced???
51.2%
Polaroid cameras invented???
44.8%
UNICEF founded???
42%
Microwave oven invented???
37.8%
Warsaw Pact signed???
29.5%
Korea divided into North and South???
27.3%

You're not logged in!

Compare scores with friends on all Sporcle quizzes.
OR
Log In

You Might Also Like...

Show Comments

Extras

Top Quizzes Today


Score Distribution

Your Account Isn't Verified!

In order to create a playlist on Sporcle, you need to verify the email address you used during registration. Go to your Sporcle Settings to finish the process.

Report this User

Report this user for behavior that violates our Community Guidelines.

Details: